[Event "Dresden ZMD op-B 21st"]
[Site "Dresden"]
[Date "2012.08.20"]
[Round "3"]
[White "Friedrich, Ekkehard"]
[Black "Moses, Selina"]
[Result "1-0"]
[WhiteElo "1701"]
[BlackElo "1733"]
[PlyCount "89"]
[EventDate "2012.08.18"]
[EventType "swiss"]
[EventRounds "9"]
[EventCountry "GER"]
[SourceTitle "CBM 150 Extra"]
[Source "ChessBase"]
[SourceDate "2012.10.19"]
[SourceVersion "1"]
[SourceVersionDate "2012.10.19"]
[SourceQuality "1"]

1. c4 e5 2. e4 Nf6 3. d3 Bc5 4. Nf3 d6 5. Be2 h6 6. Nc3 0-0 7. 0-0 Nc6 8. a3 a5 9. Rb1 Nd4 10. Nxd4 Bxd4 11. Nb5 Bb6 12. Bf3 c6 13. Nc3 Bd7 14. Ne2 Ba7 15. d4 exd4 16. Nxd4 Re8 17. Qd3 Bxd4 18. Qxd4 Qe7 19. Bd2 c5 20. Qd3 Bc6 21. Rbe1 Nxe4 22. Re3 b6 23. Rfe1 f5 24. Bh5 Rf8 25. f3 Qh4 26. fxe4 Qxh5 27. Qxd6 Bxe4 28. Rh3 Qg4 29. Rg3 Qh5 30. Bxh6 Ra7 31. Rg5 Qe8 32. Qg3 Rff7 33. Rg6 Kh7 34. Bf4 Qd8 35. Rg5 Qd4+ 36. Be3 Qxb2 37. Qh3+ Kg8 38. Rh5 Rfe7 39. Rh8+ Kf7 40. Qh5+ Ke6 41. Qg6+ Kd7 42. Bf4 Qd4+ 43. Be3 Qb2 44. Rd1+ Kc7 45. Qd6+ 1-0

[Event "Dresden ZMD op-B 21st"]
[Site "Dresden"]
[Date "2012.08.18"]
[Round "1"]
[White "Friedrich, Ekkehard"]
[Black "Biastoch, Bennet"]
[Result "1-0"]
[WhiteElo "1701"]
[BlackElo "1536"]
[PlyCount "65"]
[EventDate "2012.08.18"]
[EventType "swiss"]
[EventRounds "9"]
[EventCountry "GER"]
[SourceTitle "CBM 150 Extra"]
[Source "ChessBase"]
[SourceDate "2012.10.19"]
[SourceVersion "1"]
[SourceVersionDate "2012.10.19"]
[SourceQuality "1"]

1. c4 Nf6 2. Nc3 g6 3. g3 Bg7 4. Bg2 e5 5. e3 d6 6. Nge2 Nbd7 7. d4 0-0 8. 0-0 c6 9. e4 Qb6 10. Na4 Qa6 11. b3 b5 12. Nb2 Qb6 13. cxb5 cxb5 14. Be3 Ng4 15. Bc1 Bb7 16. h3 Ngf6 17. d5 Nc5 18. Be3 Nfd7 19. b4 Qa6 20. bxc5 dxc5 21. Nd3 Rac8 22. h4 f5 23. f3 f4 24. gxf4 exf4 25. Ndxf4 Bxa1 26. Qxa1 Qf6 27. Ne6 Qxa1 28. Rxa1 Rf7 29. Ng5 Rff8 30. Bh3 Rfd8 31. Be6+ Kf8 32. Nf7 Ke8 33. Bg5 1-0

[Event "GER-ch Seniors"]
[Site "Dresden"]
[Date "2012.08.10"]
[Round "2"]
[White "Friedrich, Ekkehard"]
[Black "Heni, Norbert"]
[Result "1/2-1/2"]
[WhiteElo "1889"]
[BlackElo "1779"]
[PlyCount "55"]
[EventDate "2012.08.09"]
[EventType "swiss"]
[EventRounds "9"]
[EventCountry "GER"]
[SourceTitle "EXT 2014"]
[Source "ChessBase"]
[SourceDate "2013.11.20"]
[SourceVersion "1"]
[SourceVersionDate "2013.11.20"]
[SourceQuality "1"]

1. c4 c5 2. f4 d6 3. Nf3 Nc6 4. e3 e5 5. Nc3 Nge7 6. Be2 g6 7. 0-0 Bg7 8. d3 0-0 9. e4 exf4 10. Bxf4 f5 11. Qd2 fxe4 12. dxe4 Nd4 13. Bh6 Nec6 14. Bxg7 Kxg7 15. Nd5 Be6 16. Nxd4 Rxf1+ 17. Rxf1 Bxd5 18. exd5 Nxd4 19. Bd3 Qh4 20. Rf4 Qh5 21. Qe3 Qe5 22. Re4 Qf6 23. Re7+ Kg8 24. Rxb7 Rf8 25. h3 Rf7 26. Qe8+ Rf8 27. Qe3 Rf7 28. Rxf7 1/2-1/2

[Event "Siebenlehn op 12th"]
[Site "Siebenlehn"]
[Date "2011.12.27"]
[Round "2"]
[White "Schoenrock, Ruediger"]
[Black "Friedrich, Ekkehard"]
[Result "1-0"]
[WhiteElo "2079"]
[BlackElo "1845"]
[PlyCount "73"]
[EventDate "2011.12.27"]
[EventType "swiss"]
[EventRounds "7"]
[EventCountry "GER"]
[SourceTitle "EXT 2013"]
[Source "ChessBase"]
[SourceDate "2012.11.22"]
[SourceVersion "1"]
[SourceVersionDate "2012.11.22"]
[SourceQuality "1"]

1. e4 c5 2. c3 Nc6 3. d4 cxd4 4. cxd4 e5 5. Nf3 Nf6 6. d5 Bb4+ 7. Bd2 Bxd2+ 8. Nbxd2 Ne7 9. Nxe5 0-0 10. Bd3 d6 11. Nef3 Ng6 12. 0-0 Nf4 13. Nb3 Bg4 14. Nbd4 Re8 15. Re1 N6h5 16. Bb5 Bd7 17. Qd2 Bxb5 18. Nxb5 Qd7 19. Nbd4 Qg4 20. g3 Nh3+ 21. Kg2 Re5 22. Nxe5 dxe5 23. Ne2 N3f4+ 24. Nxf4 Nxf4+ 25. Kg1 Nh3+ 26. Kf1 Ng5 27. f4 Nf3 28. Qe2 exf4 29. Kf2 Nxh2 30. Qxg4 Nxg4+ 31. Kg1 f3 32. Rec1 h5 33. Rc7 Re8 34. d6 Rxe4 35. d7 Re2 36. d8Q+ Kh7 37. Qd3+ 1-0

[Event "Sachsen-ch Seniors op 17th"]
[Site "Dresden"]
[Date "2009.02.16"]
[Round "8"]
[White "Friedrich, Ekkehard"]
[Black "Hellwege, Werner"]
[Result "1-0"]
[WhiteElo "1568"]
[BlackElo "1883"]
[PlyCount "75"]
[EventDate "2009.02.09"]
[EventType "swiss"]
[EventRounds "9"]
[EventCountry "GER"]
[SourceTitle "EXT 2022"]
[Source "ChessBase"]
[SourceDate "2021.10.06"]
[SourceVersion "1"]
[SourceVersionDate "2021.10.06"]
[SourceQuality "1"]

1. f4 Nf6 2. Nf3 g6 3. e3 Bg7 4. Nc3 d5 5. d4 0-0 6. Be2 c5 7. dxc5 Qa5 8. 0-0 Rd8 9. Nb5 Ne4 10. c3 Nc6 11. b4 Nxb4 12. cxb4 Qxb4 13. Ba3 Qa5 14. Rb1 Nc3 15. Nxc3 Qxa3 16. Nb5 Qxe3+ 17. Kh1 Qxf4 18. Nfd4 Qe5 19. Nf3 Qb8 20. Nbd4 Qc7 21. Rc1 e5 22. Nb5 Qd7 23. Nd6 d4 24. Bc4 Qe7 25. Nxf7 Be6 26. Bxe6 Qxe6 27. N3g5 Qxa2 28. Nxd8 Rxd8 29. Qd3 Qd5 30. Qh3 h5 31. Qe6+ Qxe6 32. Nxe6 Rd7 33. Nxg7 Kxg7 34. Rce1 Rd5 35. Rb1 e4 36. Rxb7+ Kh6 37. h4 d3 38. Rff7 1-0

[Event "EU-chT Seniors 10th"]
[Site "Dresden"]
[Date "2008.02.15"]
[Round "5.4"]
[White "Birkestrand, Odd Helge"]
[Black "Friedrich, Ekkehard"]
[Result "1-0"]
[WhiteElo "1800"]
[BlackElo "1893"]
[PlyCount "83"]
[EventDate "2008.02.11"]
[EventType "team-swiss"]
[EventRounds "9"]
[EventCountry "GER"]
[SourceTitle "CBM 122 Extra"]
[Source "ChessBase"]
[SourceDate "2008.03.04"]
[SourceVersion "1"]
[SourceVersionDate "2008.03.04"]
[SourceQuality "1"]
[WhiteTeam "Norway IV"]
[BlackTeam "Stoertebeker"]
[WhiteTeamCountry "NOR"]
[BlackTeamCountry "GER"]

1. e4 e5 2. Nf3 Nc6 3. Bc4 Bc5 4. c3 Nf6 5. 0-0 0-0 6. d4 exd4 7. cxd4 Bb6 8. d5 Ne7 9. e5 Ne8 10. d6 cxd6 11. exd6 Ng6 12. Bg5 Nf6 13. Qd3 Bc5 14. Nc3 a6 15. Ne4 Ba7 16. Rae1 b5 17. Bd5 Rb8 18. Nxf6+ gxf6 19. Bh6 a5 20. Qf5 Bb7 21. Bxb7 Rxb7 22. Bxf8 Kxf8 23. Qd5 Qb6 24. Re4 Rb8 25. Nh4 Rc8 26. Nxg6+ hxg6 27. Qd2 Kg7 28. Rh4 g5 29. Rh3 Rc6 30. Rd3 Bb8 31. Rd1 Rc8 32. Rd5 Ba7 33. h4 gxh4 34. Rh5 Rh8 35. Rxh8 Kxh8 36. Qh6+ Kg8 37. Qxh4 Qc5 38. Qxf6 Qc2 39. Re1 Qc8 40. Re4 Qc1+ 41. Kh2 Qd1 42. Re8+ 1-0

[Event "GER-ch Seniors 18th"]
[Site "Dresden"]
[Date "2006.07.30"]
[Round "9"]
[White "Neumann, Erwin"]
[Black "Friedrich, Ekkehard"]
[Result "1/2-1/2"]
[WhiteElo "1777"]
[BlackElo "1663"]
[PlyCount "73"]
[EventDate "2006.07.22"]
[EventType "swiss"]
[EventRounds "9"]
[EventCountry "GER"]
[SourceTitle "EXT 2022"]
[Source "ChessBase"]
[SourceDate "2021.10.06"]
[SourceVersion "1"]
[SourceVersionDate "2021.10.06"]
[SourceQuality "1"]

1. e4 d5 2. exd5 Qxd5 3. Nc3 Qe6+ 4. Nge2 Nf6 5. d4 c6 6. Be3 g6 7. Nf4 Qd6 8. Be2 Bg7 9. Bf3 0-0 10. 0-0 Na6 11. Qd2 Bf5 12. a3 Nc7 13. h3 Rfd8 14. Rad1 Nfe8 15. Qc1 e5 16. dxe5 Qxe5 17. g4 Rxd1 18. Rxd1 Be6 19. Nd3 Qf6 20. Kg2 Qd8 21. Nc5 Qc8 22. Bg5 Nf6 23. N3e4 Nce8 24. Nxe6 Qxe6 25. Re1 Qd7 26. Nc5 Qc7 27. Nd3 Nd7 28. Bf4 Qb6 29. c3 Nef6 30. Re2 Nf8 31. Qe1 Ne6 32. Be5 Qd8 33. Nf4 Ng5 34. Bxf6 Qxf6 35. Re8+ Rxe8 36. Qxe8+ Bf8 37. Qe3 1/2-1/2

[Event "GER-ch Seniors 18th"]
[Site "Dresden"]
[Date "2006.07.28"]
[Round "7"]
[White "Schmieder, Horst"]
[Black "Friedrich, Ekkehard"]
[Result "0-1"]
[WhiteElo "1622"]
[BlackElo "1663"]
[PlyCount "96"]
[EventDate "2006.07.22"]
[EventType "swiss"]
[EventRounds "9"]
[EventCountry "GER"]
[SourceTitle "EXT 2022"]
[Source "ChessBase"]
[SourceDate "2021.10.06"]
[SourceVersion "1"]
[SourceVersionDate "2021.10.06"]
[SourceQuality "1"]

1. d4 Nf6 2. Nf3 e6 3. e3 d5 4. Bd3 Nbd7 5. 0-0 Bd6 6. Nbd2 c6 7. c4 0-0 8. c5 Bb8 9. Re1 Re8 10. Qc2 e5 11. dxe5 Nxe5 12. Nxe5 Rxe5 13. f4 Re8 14. Nf3 h6 15. b3 Bg4 16. Bb2 Bxf3 17. gxf3 Nh5 18. Qf2 Qe7 19. Bd4 Bc7 20. b4 a6 21. a3 Bd8 22. Kh1 Qd7 23. Qg2 Bf6 24. Rg1 Bxd4 25. exd4 g6 26. Qd2 Ng7 27. Rg2 Re7 28. Rag1 Rae8 29. Qf2 Qe6 30. Bxg6 fxg6 31. Rxg6 Qd7 32. Rxh6 Re6 33. Rxe6 Qxe6 34. Qg3 Qf6 35. Qf2 Qxf4 36. h4 Re3 37. Kg2 Rd3 38. Re1 Rxd4 39. Kh3 Rd3 40. Kg2 Rxa3 41. Re7 Rd3 42. Qg3 Qxg3+ 43. Kxg3 Nf5+ 44. Kg4 Nxe7 45. f4 Rd4 46. Kg5 Rxb4 47. f5 Nxf5 48. Kxf5 Rxh4 0-1

[Event "Leipzig VfB op 12th"]
[Site "Leipzig"]
[Date "2005.03.06"]
[Round "9"]
[White "Friedrich, Ekkehard"]
[Black "Herfurth, Thomas"]
[Result "1-0"]
[WhiteElo "1630"]
[BlackElo "1898"]
[PlyCount "31"]
[EventDate "2005.01.03"]
[EventType "swiss"]
[EventRounds "9"]
[EventCountry "GER"]
[SourceTitle "EXT 2008"]
[Source "ChessBase"]
[SourceDate "2007.11.25"]
[SourceVersion "1"]
[SourceVersionDate "2007.11.25"]
[SourceQuality "1"]

1. Nf3 b6 2. g3 Bb7 3. Bg2 e6 4. 0-0 f5 5. d4 Nf6 6. c4 d6 7. Nc3 Nbd7 8. Re1 Be7 9. Ng5 Qc8 10. Nxe6 Rg8 11. Nb5 Bd8 12. Bf4 Ke7 13. Bxb7 Qxb7 14. d5 h6 15. Nbd4 Kf7 16. Nxf5 1-0

[Event "Leipzig VfB op 12th"]
[Site "Leipzig"]
[Date "2005.03.03"]
[Round "5"]
[White "Friedrich, Ekkehard"]
[Black "Seidel, Thomas1111"]
[Result "0-1"]
[WhiteElo "1630"]
[BlackElo "1966"]
[PlyCount "120"]
[EventDate "2005.01.03"]
[EventType "swiss"]
[EventRounds "9"]
[EventCountry "GER"]
[SourceTitle "EXT 2008"]
[Source "ChessBase"]
[SourceDate "2007.11.25"]
[SourceVersion "1"]
[SourceVersionDate "2007.11.25"]
[SourceQuality "1"]

1. Nf3 Nf6 2. g3 c6 3. Bg2 d5 4. d4 Bf5 5. 0-0 e6 6. Nbd2 Be7 7. Re1 Nbd7 8. c4 0-0 9. Nh4 Qb6 10. Nxf5 exf5 11. c5 Qd8 12. a4 Ne4 13. Nf1 Bf6 14. h4 Be7 15. Qd3 g6 16. f3 Nef6 17. b4 Nh5 18. Bd2 Qc7 19. Kf2 f4 20. Kg1 fxg3 21. Bg5 Bxg5 22. hxg5 Qf4 23. Qe3 Qh4 24. f4 Rfe8 25. Qf3 Nxf4 26. Nxg3 Nxg2 27. Kxg2 Qxg5 28. Rg1 Re3 29. Qf2 Rae8 30. Kf1 Qf6 31. Re1 Kf8 32. Kg2 Qxf2+ 33. Kxf2 Nf6 34. Nf1 Rb3 35. e3 Rxb4 36. Ra1 Rb2+ 37. Kf3 Ne4 38. Rg2 Rxg2 39. Kxg2 Kg7 40. Kf3 g5 41. Rb1 Re7 42. Rb2 f5 43. a5 a6 44. Rg2 Kg6 45. Rb2 h5 46. Nh2 h4 47. Ke2 g4 48. Kd3 Ng5 49. Rg2 Kh5 50. Nf1 Nf3 51. Rf2 Kg5 52. Rb2 g3 53. Re2 Kg4 54. Rb2 h3 55. e4 dxe4+ 56. Kc4 g2 57. Ne3+ Kf4 58. Nxg2+ hxg2 59. Rxg2 Nxd4 60. Kxd4 Rd7+ 0-1

[Event "Leipzig VfB op 12th"]
[Site "Leipzig"]
[Date "2005.03.01"]
[Round "1"]
[White "Friedrich, Ekkehard"]
[Black "Schleicher, Janek"]
[Result "0-1"]
[WhiteElo "1630"]
[BlackElo "2076"]
[PlyCount "114"]
[EventDate "2005.01.03"]
[EventType "swiss"]
[EventRounds "9"]
[EventCountry "GER"]
[SourceTitle "EXT 2008"]
[Source "ChessBase"]
[SourceDate "2007.11.25"]
[SourceVersion "1"]
[SourceVersionDate "2007.11.25"]
[SourceQuality "1"]

1. Nf3 c5 2. g3 b6 3. Bg2 Bb7 4. 0-0 Nf6 5. d3 d5 6. Nbd2 Nbd7 7. c4 e6 8. Qa4 Bd6 9. cxd5 exd5 10. e4 0-0 11. Nh4 Be5 12. Ndf3 Bc7 13. Ng5 Re8 14. exd5 Bxd5 15. Bxd5 Nxd5 16. d4 h6 17. Ngf3 cxd4 18. Qxd4 Nc5 19. Nf5 Ne6 20. Qg4 Kh7 21. Qh5 Qf6 22. Nxh6 gxh6 23. Qxd5 Nc5 24. Be3 Ne4 25. Bd4 Qxf3 26. Rac1 Rad8 27. Qc6 Bb8 28. Be3 Re6 29. Qb7 Ng5 30. Qxf3 Nxf3+ 31. Kg2 Ne5 32. b3 Ng4 33. Rce1 Nxe3+ 34. fxe3 Rd2+ 35. Kh3 Kg6 36. Rf3 Rf6 37. Rxf6+ Kxf6 38. Rf1+ Kg6 39. Rc1 Rxa2 40. e4 Be5 41. Rc8 Rb2 42. Rg8+ Kh7 43. Re8 f6 44. Re7+ Kg6 45. Rxa7 Rxb3 46. Kg4 b5 47. Ra8 b4 48. Rg8+ Kf7 49. Ra8 Rb2 50. Ra7+ Kg6 51. h4 h5+ 52. Kh3 b3 53. Rb7 Rb1 54. g4 hxg4+ 55. Kxg4 b2 56. h5+ Kh6 57. Kf5 Rf1+ 0-1

[Event "Leipzig VfB op 11th"]
[Site "Leipzig"]
[Date "2004.03.21"]
[Round "9"]
[White "Wueller, Moritz"]
[Black "Friedrich, Ekkehard"]
[Result "0-1"]
[WhiteElo "1372"]
[BlackElo "1668"]
[PlyCount "142"]
[EventDate "2004.03.16"]
[EventType "swiss"]
[EventRounds "9"]
[EventCountry "GER"]
[SourceTitle "EXT 2007"]
[Source "ChessBase"]
[SourceDate "2006.11.23"]
[SourceVersion "1"]
[SourceVersionDate "2006.11.23"]
[SourceQuality "1"]

1. e4 e6 2. d4 d5 3. exd5 exd5 4. Nf3 Nf6 5. Nc3 Bd6 6. Bg5 Be6 7. Bd3 Nbd7 8. 0-0 0-0 9. Re1 h6 10. Bh4 c6 11. Ne5 Qc7 12. Nf3 Bg4 13. h3 Be6 14. Ne2 Nh5 15. Qd2 Nf4 16. Nxf4 Bxf4 17. Qc3 g5 18. Bg3 Bxg3 19. fxg3 Qxg3 20. Ne5 Kg7 21. Nxd7 Bxd7 22. Qd2 Rae8 23. Qf2 Qd6 24. c3 a5 25. Rxe8 Rxe8 26. Rf1 Qe7 27. Kh2 Qe6 28. Qf3 Rf8 29. Qg3 Qe8 30. Re1 Qb8 31. Qe5+ Qxe5+ 32. Rxe5 Be6 33. Kg3 Kf6 34. Kf3 c5 35. g4 cxd4 36. cxd4 Rc8 37. Re1 Rc6 38. Rf1 Ke7 39. Ke3 Bd7 40. Kd2 Rb6 41. Kc3 Re6 42. Kd2 Rb6 43. Kc3 Rf6 44. Rxf6 Kxf6 45. Kd2 Kg7 46. Ke3 h5 47. Be2 hxg4 48. hxg4 f5 49. Kf3 fxg4+ 50. Kg3 Kf6 51. b3 b5 52. Bd1 b4 53. Be2 Bf5 54. Bd1 Bb1 55. Kxg4 Bxa2 56. Bc2 a4 57. bxa4 b3 58. Bd3 b2 59. a5 b1Q 60. Bxb1 Bxb1 61. a6 Bf5+ 62. Kg3 Bc8 63. a7 Bb7 64. Kf2 Kf5 65. Kf3 g4+ 66. Ke3 Ba8 67. Kf2 Kf4 68. Kg2 g3 69. Kg1 Ke3 70. Kg2 Kxd4 71. Kxg3 Ke3 0-1